| 000 | 01495nam a2200373 c 4500 | ||
|---|---|---|---|
| 999 |
_c60181 _d60181 |
||
| 003 | BLK | ||
| 005 | 20230111191742.0 | ||
| 008 | 180408b bul|||||r ||||||| ||bul|| | ||
| 010 | _aKNG00064319000 | ||
| 040 | _aBLK | ||
| 041 |
_aBUL _cBUL |
||
| 080 |
_aСелскостопански машини и инструменти. Селскостопанско машиностроене _b631.3 _x.004.67(075.8) _z631.3.004.67(075.8) |
||
| 100 | 1 |
_aСпиридонов, Ганчо _eпърви автор _9289700 |
|
| 139 |
_aСпиридонов, Ганчо _bС 57 |
||
| 245 | 1 | 0 |
_aРемонт на машиностроителния парк _bЗа студентите от ВИММЕСС - Русе _cГанчо Спиридонов. |
| 250 | _a2. изд. | ||
| 257 | _aBGR | ||
| 260 |
_bЗемиздат _c1974 _aСофия |
||
| 300 |
_a404 с. _bс ил. _c24 см |
||
| 380 | _a63 | ||
| 500 | _aАвт. не е отбелязан на кор. - 1. изд. 1971. - 3 570 тир. - Библиогр. с. 397-400. | ||
| 504 | _a397-400 | ||
| 650 | 4 |
_aМашинно-тракторен парк - ремонт - учебници за ВУЗ _9289701 |
|
| 653 | _aмашини | ||
| 653 | _aтрактори | ||
| 653 | _aавтомобили | ||
| 653 | _aремонти | ||
| 653 | _aучебници за ВУЗ | ||
| 852 | _aЦб 71373 | ||
| 856 | 4 |
_qpdf _i0.00 _ldisable |
|
| 856 | 4 |
_qpdf _i0.00 _ldisable |
|
| 942 |
_cKNG _n0 _s1 |
||
| 944 |
_aCR _c13.06.2004 _lф / _kЛюдмила_Стоянова |
||
| 944 |
_aED _c16.06.2010 _lф / |
||
| 999 | _d60181 | ||